Algoritm Evklida

Gespeichert in:
Bibliographische Detailangaben
Format: Buch
Sprache:Russisch
Veröffentlicht: Moskva Nauka 1988
Ausgabe:1. izd.
Tags: Tag hinzufügen
Keine Tags, Fügen Sie das erste Tag hinzu!

MARC

LEADER 00000nam a2200000 4500
001 c034355
005 20260128070125.1
041 0 |a rus 
044 |a RU 
245 1 0 |a Algoritm Evklida  |c Kirill Andrejevič Rodosskij 
250 |a 1. izd. 
264 1 |a Moskva  |b Nauka  |c 1988 
300 |a 239 s.